| Tag |
First Indicator |
Second Indicator |
Subfields |
| LEADER |
00000pam a2200000 a 4500 |
| 001 |
in00000081371 |
| 005 |
20151008061043.0 |
| 008 |
811021s1982 nyua bd 00010 eng |
| 010 |
|
|
|a 81013393
|
| 020 |
|
|
|a 0831111399 :
|c $25.00 (est.)
|
| 035 |
|
|
|a (OCoLC)07945356
|
| 035 |
|
|
|9 AAJ7193AM
|
| 039 |
0 |
|
|a 2
|b 3
|c 3
|d 3
|e 3
|
| 040 |
|
|
|a DLC
|c DLC
|d TXA
|d UtOrBLW
|
| 049 |
|
|
|a TXAM
|c [388092]
|
| 050 |
0 |
0 |
|a TJ810
|b .H86
|
| 082 |
0 |
|
|a 621.47/03/21
|2 19
|
| 100 |
1 |
|
|a Hunt, V. Daniel.
|
| 245 |
1 |
0 |
|a Solar energy dictionary /
|c V. Daniel Hunt.
|
| 264 |
|
1 |
|a New York, N.Y. :
|b Industrial Press,
|c [1982]
|
| 264 |
|
4 |
|c ©1982
|
| 300 |
|
|
|a ix, 411 pages :
|b illustrations ;
|c 24 cm.
|
| 336 |
|
|
|a text
|b txt
|2 rdacontent
|
| 337 |
|
|
|a unmediated
|b n
|2 rdamedia
|
| 338 |
|
|
|a volume
|b nc
|2 rdacarrier
|
| 504 |
|
|
|a Bibliography: pages [369]-404.
|
| 650 |
|
0 |
|a Solar energy
|x Dictionaries.
|
| 999 |
|
|
|a MARS
|
| 999 |
f |
f |
|s fb9c888e-e06a-324a-b633-72dada9543e1
|i cb4a70ef-c2b4-3887-8eea-77b1625dcab8
|t 0
|
| 952 |
f |
f |
|p ric
|a Texas A&M University
|b Rellis Campus
|c Joint Library Facility
|d Remote Storage
|t 0
|e TJ810 .H86
|h Library of Congress classification
|i unmediated -- volume
|m A14806472676
|
| 998 |
f |
f |
|a TJ810 .H86
|t 0
|l Remote Storage
|